| 000 | 00552nam a2200169 4500 | ||
|---|---|---|---|
| 001 | 117328 | ||
| 003 | ES-MaACL | ||
| 005 | 20230906190859.0 | ||
| 007 | t| | ||
| 008 | 070302s1960 sp r ||||1| spa d | ||
| 100 | 1 |
_aPearse, A. G. Everson. _989814 |
|
| 245 | 1 | 0 |
_aHistoquímica teórica y aplicada / _cA. G. Everson Pearse ; versión española de Tomás Palomo Salas. |
| 260 |
_aMadrid : _bAguilar, _c1960. |
||
| 300 |
_aXIX, 599 p. 4 lám. col. : _bil ; _c22 cm. |
||
| 700 | 1 |
_aPalomo Salas, Tomás. _988709 |
|
| 852 |
_aES-MaACL _jC-17221 _bR.45521 |
||
| 999 |
_c117328 _d117328 |
||